[Event "Tradewise Gibraltar Masters 14th"]
[Site "Gibraltar"]
[Date "2016.01.27"]
[Round "2.71"]
[White "Carlstedt, Jonathan"]
[Black "George, Lolomari Erekosima"]
[Result "1-0"]
[WhiteElo "2461"]
[BlackElo "1937"]
[PlyCount "81"]
[EventDate "2016.01.26"]
[EventType "swiss"]
[EventRounds "10"]
[EventCountry "GGB"]
[Source "www.saund.co.uk"]
[SourceDate "2005.02.07"]

1. d4 Nf6 2. Nf3 g6 3. Bg5 Bg7 4. Nbd2 c5 5. c3 b6 6. e4 O-O 7. Bd3 Bb7 8. d5
d6 9. O-O h6 10. Bh4 Ba6 11. c4 Ne8 12. Rb1 Nc7 13. Qe2 Nd7 14. Bg3 Rb8 15. a4
Bc8 16. Rfe1 Ne5 17. Nxe5 dxe5 18. h3 Qd6 19. b4 Na6 20. b5 Nb4 21. Nf3 Nxd3
22. Qxd3 f5 23. exf5 Bxf5 24. Qb3 Bxb1 25. Qxb1 Rf5 26. Qe4 e6 27. Nxe5 exd5
28. Nc6 dxe4 29. Bxd6 Re8 30. Ne7+ Rxe7 31. Bxe7 Bd4 32. Bh4 g5 33. Bg3 Be5 34.
Bxe5 Rxe5 35. f3 e3 36. Kf1 Re7 37. Ke2 Rd7 38. Rd1 Rd4 39. Rxd4 cxd4 40. c5
bxc5 41. a5 1-0

[Event "Tradewise Gibraltar Masters 14th"]
[Site "Gibraltar"]
[Date "2016.01.27"]
[Round "2.72"]
[White "Osuna Vega, Enrique"]
[Black "Zhao Xue"]
[Result "0-1"]
[WhiteElo "2127"]
[BlackElo "2506"]
[PlyCount "120"]
[EventDate "2016.01.26"]
[EventType "swiss"]
[EventRounds "10"]
[EventCountry "GGB"]
[Source "www.saund.co.uk"]
[SourceDate "2005.02.07"]

1. e4 c6 2. Nf3 d5 3. Nc3 Bg4 4. h3 Bxf3 5. Qxf3 e6 6. d3 Nf6 7. Be2 Be7 8. g4
h6 9. g5 hxg5 10. Bxg5 d4 11. Nb1 Qb6 12. Bc1 Na6 13. a3 O-O-O 14. Nd2 Qa5 15.
Kf1 Rdf8 16. Nc4 Qd8 17. Bd2 Ne8 18. Ba5 Nac7 19. Ke1 f5 20. e5 Rh4 21. Bf1 Qd5
22. Bg2 Qxf3 23. Bxf3 Rfh8 24. Bg2 Nd5 25. Bd2 Nf4 26. Bxf4 Rxf4 27. Ke2 Bh4
28. Raf1 Bd8 29. Re1 Bc7 30. Kf1 g5 31. Nd2 Ba5 32. b4 Bd8 33. Nb3 Ng7 34. Nd2
Nh5 35. Kg1 Rg8 36. Nf1 g4 37. Ng3 gxh3 38. Rxh3 Nxg3 39. Rxg3 Rxg3 40. fxg3
Rg4 41. Kh2 Rg7 42. Bf3 Bg5 43. a4 Kc7 44. Rb1 Be3 45. Kh3 Kb6 46. g4 Bf4 47.
b5 c5 48. Re1 Ka5 49. Bd1 Kxa4 50. c4+ Kb4 51. gxf5 exf5 52. e6 Bd6 53. Be2 Kc3
54. Bf1 Rg1 55. e7 Bxe7 56. Kh2 Rg7 57. Ra1 Bd6+ 58. Kh1 f4 59. Rxa7 f3 60. Ra2
Bf4 0-1

[Event "Tradewise Gibraltar Masters 14th"]
[Site "Gibraltar"]
[Date "2016.01.27"]
[Round "2.73"]
[White "Boado Rodriguez, Martin"]
[Black "Shachar, Ehud"]
[Result "1-0"]
[WhiteElo "2121"]
[BlackElo "2353"]
[PlyCount "85"]
[EventDate "2016.01.26"]
[EventType "swiss"]
[EventRounds "10"]
[EventCountry "GGB"]
[Source "www.saund.co.uk"]
[SourceDate "2005.02.07"]

1. e4 e6 2. g3 d5 3. Bg2 dxe4 4. Nc3 Nf6 5. Nxe4 Nxe4 6. Bxe4 Nd7 7. Bg2 Nf6 8.
Ne2 Be7 9. O-O O-O 10. d4 Rb8 11. c4 Bd7 12. a4 a5 13. Bd2 b6 14. Bc3 Bd6 15.
Qc2 Re8 16. Rfd1 c6 17. Nc1 Qc7 18. Nd3 Red8 19. c5 Bf8 20. Qd2 Ra8 21. cxb6
Qxb6 22. Ne5 Nd5 23. Nc4 Qa6 24. Bxd5 cxd5 25. Nxa5 Rdc8 26. b4 Qb6 27. Rdb1 g6
28. Qe1 Rc7 29. Bd2 Bg7 30. b5 Bxd4 31. Ra2 Rca7 32. Nb3 Bf6 33. Qe3 d4 34. Qf3
e5 35. a5 Qd6 36. Nc5 Bf5 37. Ne4 Bxe4 38. Qxe4 Bd8 39. b6 Ra6 40. Rb5 Rb8 41.
Rd5 Qe6 42. Rxe5 Qxa2 43. Bh6 1-0

[Event "Tradewise Gibraltar Masters 14th"]
[Site "Gibraltar"]
[Date "2016.01.27"]
[Round "2.74"]
[White "Wemmers, Xander"]
[Black "Kalthoff, Peter"]
[Result "1-0"]
[WhiteElo "2352"]
[BlackElo "2132"]
[PlyCount "141"]
[EventDate "2016.01.26"]
[EventType "swiss"]
[EventRounds "10"]
[EventCountry "GGB"]
[Source "www.saund.co.uk"]
[SourceDate "2005.02.07"]

1. d4 d5 2. c4 e5 3. dxe5 d4 4. Nf3 Nc6 5. a3 Nge7 6. b4 Ng6 7. Bb2 a5 8. b5
Ncxe5 9. Nxe5 Nxe5 10. e3 Be6 11. Bxd4 Nxc4 12. Qc2 Nd6 13. Bd3 Qg5 14. O-O
Nxb5 15. Bxb5+ Qxb5 16. Qxc7 Qd7 17. Qb6 Ra6 18. Qb2 Bd5 19. f3 Rg6 20. Nc3 Bc6
21. Rad1 Bd6 22. e4 Qe7 23. Nb5 Bb8 24. e5 O-O 25. Nd6 Bxd6 26. exd6 Qxd6 27.
Bxg7 Qc5+ 28. Bd4 Qh5 29. Kh1 Re8 30. Rde1 Rge6 31. Rxe6 Rxe6 32. Qf2 f6 33.
Bc3 a4 34. Rd1 Kf7 35. Bb4 Qb5 36. Qh4 h5 37. h3 Qg5 38. Qc4 Qb5 39. Qc2 Kg7
40. Qf2 Kf7 41. Qd2 Kg6 42. Bc3 Qc5 43. Bb2 Qe7 44. Bc1 Kf7 45. Rf1 Qf8 46. Qf4
Bb5 47. Rg1 Bc6 48. Bb2 Qg7 49. h4 Qg6 50. Bc3 Re7 51. Bb4 Rd7 52. Re1 Kg7 53.
Kh2 Qf7 54. Bc3 Qg6 55. Re6 Rf7 56. Rd6 Rf8 57. Qg5 Qxg5 58. hxg5 Kg6 59. Bxf6
Re8 60. Kg3 Re2 61. Bd8+ Kg7 62. Bb6 Ra2 63. Bd4+ Kg8 64. g6 Re2 65. Kh4 Kf8
66. Rf6+ Kg8 67. g3 Rg2 68. Be5 Re2 69. f4 Rg2 70. Rd6 Kf8 71. g7+ 1-0

[Event "Tradewise Gibraltar Masters 14th"]
[Site "Gibraltar"]
[Date "2016.01.27"]
[Round "2.75"]
[White "Reuben, Stewart"]
[Black "Seyfried, Claus"]
[Result "0-1"]
[WhiteElo "2047"]
[BlackElo "2137"]
[PlyCount "81"]
[EventDate "2016.01.26"]
[EventType "swiss"]
[EventRounds "10"]
[EventCountry "GGB"]
[Source "www.saund.co.uk"]
[SourceDate "2005.02.07"]

1. c4 e5 2. g3 Nf6 3. Bg2 d5 4. cxd5 Nxd5 5. Nc3 Nxc3 6. bxc3 Nc6 7. Rb1 Bc5 8.
e3 Qd3 9. Rb2 O-O 10. Qe2 Qg6 11. Rb5 Bb6 12. Nf3 a6 13. Rb2 e4 14. Nd4 Ne5 15.
O-O c5 16. Nc2 Bg4 17. f3 exf3 18. Bxf3 Nxf3+ 19. Rxf3 Bc7 20. Qf2 Bxf3 21.
Qxf3 Rab8 22. Ne1 b5 23. d4 Bd6 24. e4 cxd4 25. cxd4 Rbc8 26. Bf4 Bxf4 27. Qxf4
Rc4 28. Nf3 Qb6 29. Kg2 Rfc8 30. Rd2 Rc2 31. d5 Rxd2+ 32. Qxd2 Rd8 33. e5 Qc5
34. d6 Rd7 35. Qd3 Qc4 36. Ne1 Qxa2+ 37. Kg1 Qe6 38. Qe4 f6 39. Qa8+ Kf7 40.
Qxa6 Qxe5 41. Nf3 0-1

[Event "Tradewise Gibraltar Masters 14th"]
[Site "Gibraltar"]
[Date "2016.01.27"]
[Round "2.76"]
[White "Vojinovic, Jovana"]
[Black "Dolzhikova, Olga"]
[Result "1-0"]
[WhiteElo "2352"]
[BlackElo "2126"]
[PlyCount "107"]
[EventDate "2016.01.26"]
[EventType "swiss"]
[EventRounds "10"]
[EventCountry "GGB"]
[Source "www.saund.co.uk"]
[SourceDate "2005.02.07"]

1. c4 e5 2. e3 Nc6 3. Nc3 g6 4. d4 d6 5. d5 Nce7 6. f4 Bg7 7. fxe5 Bxe5 8. Nf3
Bg7 9. e4 Nf6 10. Bf4 h6 11. Qd2 g5 12. Bg3 Ng6 13. O-O-O Bg4 14. c5 O-O 15. h3
Bxf3 16. gxf3 dxc5 17. Qh2 Rc8 18. h4 Nh5 19. Bf2 b6 20. Bh3 Ra8 21. Bg4 Nhf4
22. hxg5 Qxg5 23. Kc2 a6 24. Rdg1 Qf6 25. Be3 c4 26. Bf5 Qd6 27. Rg4 Nd3 28.
Qxd6 cxd6 29. Bxg6 fxg6 30. Rxg6 Rf6 31. Rhxh6 Rxf3 32. Bd4 Ra7 33. Rh2 Kf8 34.
Bxb6 Raf7 35. Rxd6 Nxb2 36. Rd8+ Ke7 37. d6+ Ke6 38. Nd5 Na4 39. Nc7+ Ke5 40.
Rh5+ Kxe4 41. Re8+ Kf4 42. Ne6+ Kg4 43. Rg5+ Kh4 44. Rxg7 Rc3+ 45. Kd2 Rd3+ 46.
Ke1 Rxg7 47. Bd8+ Kg3 48. Nxg7 Nc3 49. Nf5+ Kf4 50. Ne3 Nb5 51. Nxc4 Rd4 52.
Bb6 Rd5 53. Bc7 Kf3 54. d7 1-0

[Event "Tradewise Gibraltar Masters 14th"]
[Site "Gibraltar"]
[Date "2016.01.27"]
[Round "2.77"]
[White "Bellin, Robert"]
[Black "Feldbacher, Harald"]
[Result "1-0"]
[WhiteElo "2350"]
[BlackElo "2121"]
[PlyCount "71"]
[EventDate "2016.01.26"]
[EventType "swiss"]
[EventRounds "10"]
[EventCountry "GGB"]
[Source "www.saund.co.uk"]
[SourceDate "2005.02.07"]

1. e4 c5 2. Nf3 Nc6 3. Bb5 g6 4. Bxc6 dxc6 5. d3 Bg7 6. h3 Nf6 7. Nc3 O-O 8.
Be3 b6 9. Qd2 Re8 10. Bh6 e5 11. O-O a5 12. a4 Ra7 13. b3 Qd6 14. Ne2 Qf8 15.
Bxg7 Qxg7 16. Qc3 Nd7 17. Nd2 Ba6 18. Kh2 Nf8 19. f4 exf4 20. Qxg7+ Kxg7 21.
Nxf4 Rae7 22. Rf2 Nd7 23. g4 h6 24. Kg3 Kg8 25. Raf1 Kg7 26. h4 Rf8 27. Ng2
Ree8 28. Ne3 Ne5 29. Rf6 Re7 30. Ndc4 Bxc4 31. Nxc4 Nxc4 32. bxc4 Rc7 33. Rd6
f6 34. e5 f5 35. gxf5 gxf5 36. Kf4 1-0

[Event "Tradewise Gibraltar Masters 14th"]
[Site "Gibraltar"]
[Date "2016.01.27"]
[Round "2.78"]
[White "Amos, Frank"]
[Black "Arakhamia-Grant, Ketevan"]
[Result "0-1"]
[WhiteElo "2118"]
[BlackElo "2346"]
[PlyCount "80"]
[EventDate "2016.01.26"]
[EventType "swiss"]
[EventRounds "10"]
[EventCountry "GGB"]
[Source "www.saund.co.uk"]
[SourceDate "2005.02.07"]

1. e4 c5 2. Nf3 e6 3. d4 cxd4 4. Nxd4 Nf6 5. Nc3 d6 6. f4 a6 7. a4 b6 8. Bd3
Nbd7 9. g4 Nc5 10. g5 Nxd3+ 11. cxd3 Nd7 12. h4 Bb7 13. h5 Rc8 14. Qg4 Nc5 15.
Rh3 Qd7 16. Qg3 b5 17. axb5 axb5 18. Bd2 b4 19. Nce2 Ba6 20. Nc1 Qb7 21. g6
hxg6 22. hxg6 Rxh3 23. gxf7+ Kxf7 24. Qxh3 Bxd3 25. Nxd3 Qxe4+ 26. Be3 Nxd3+
27. Kd2 Nxb2 28. Ra7+ Be7 29. Ke2 Nc4 30. f5 Qxe3+ 31. Qxe3 Nxe3 32. fxe6+ Kf6
33. Kxe3 d5 34. Kd2 g5 35. Rd7 Rc5 36. Nb3 Rc3 37. Nd4 Rc5 38. Nb3 Rc4 39. Rxd5
Kxe6 40. Rd3 Bf6 0-1

[Event "Tradewise Gibraltar Masters 14th"]
[Site "Gibraltar"]
[Date "2016.01.27"]
[Round "2.79"]
[White "Burrows, Martin P"]
[Black "Tate, Alan"]
[Result "1-0"]
[WhiteElo "2115"]
[BlackElo "2345"]
[PlyCount "87"]
[EventDate "2016.01.26"]
[EventType "swiss"]
[EventRounds "10"]
[EventCountry "GGB"]
[Source "www.saund.co.uk"]
[SourceDate "2005.02.07"]

1. e4 e5 2. Nf3 Nc6 3. Bb5 a6 4. Ba4 Nf6 5. O-O Be7 6. Re1 b5 7. Bb3 d6 8. c3
O-O 9. h3 Bb7 10. d4 Nd7 11. Nbd2 exd4 12. cxd4 Bf6 13. Nf1 Na5 14. Bc2 Re8 15.
Ng3 g6 16. b3 c5 17. Bb2 Nc6 18. Qd2 Rc8 19. Rad1 cxd4 20. Bb1 d3 21. Bxd3 Nde5
22. Be2 Qb6 23. Nd4 Nd8 24. Kh2 h5 25. f4 h4 26. Nf1 Nd7 27. Bg4 Re7 28. Nf3
Bxb2 29. Qxb2 Rc7 30. Bxd7 Rcxd7 31. Ng5 Ne6 32. Ne3 Nxg5 33. fxg5 Qc5 34. Ng4
Rc7 35. Nf6+ Kf8 36. Nd5 Re5 37. Rc1 Bxd5 38. Rxc5 Rxc5 39. Qd2 Ba8 40. Qxd6+
Kg7 41. b4 Rcd5 42. exd5 Rxe1 43. Qf6+ Kf8 44. Qh8+ 1-0

[Event "Tradewise Gibraltar Masters 14th"]
[Site "Gibraltar"]
[Date "2016.01.27"]
[Round "2.80"]
[White "Gara, Anita"]
[Black "Barrenechea Bahamonde, Gustavo"]
[Result "1-0"]
[WhiteElo "2339"]
[BlackElo "2116"]
[PlyCount "57"]
[EventDate "2016.01.26"]
[EventType "swiss"]
[EventRounds "10"]
[EventCountry "GGB"]
[Source "www.saund.co.uk"]
[SourceDate "2005.02.07"]

1. e4 d5 2. exd5 Qxd5 3. Nc3 Qd8 4. d4 g6 5. Bf4 Bg7 6. Qd2 Nf6 7. O-O-O O-O 8.
h4 h5 9. f3 c6 10. Bh6 b5 11. Nge2 Qa5 12. Bxg7 Kxg7 13. Qg5 Na6 14. Nf4 Nc7
15. g4 Ne6 16. Nxe6+ Bxe6 17. gxh5 Nxh5 18. Rg1 Rh8 19. Qxe7 Bf5 20. Qe5+ Kh7
21. Rg5 Ng7 22. h5 Rae8 23. hxg6+ fxg6 24. Qg3 Re3 25. Bh3 b4 26. Ne4 Rf8 27.
Bxf5 Rxf5 28. Nf6+ Kh8 29. Rh1+ 1-0

[Event "Tradewise Gibraltar Masters 14th"]
[Site "Gibraltar"]
[Date "2016.01.27"]
[Round "2.81"]
[White "Compton, Alistair"]
[Black "Foisor, Cristina Adela"]
[Result "0-1"]
[WhiteElo "2094"]
[BlackElo "2338"]
[PlyCount "86"]
[EventDate "2016.01.26"]
[EventType "swiss"]
[EventRounds "10"]
[EventCountry "GGB"]
[Source "www.saund.co.uk"]
[SourceDate "2005.02.07"]

1. e4 g6 2. d4 Bg7 3. Nc3 d6 4. Nf3 a6 5. Be3 Nd7 6. Bc4 e6 7. a3 h6 8. h3 Ne7
9. Qd2 b5 10. Be2 Bb7 11. b4 f5 12. exf5 Nxf5 13. O-O O-O 14. Rad1 Nb6 15. Nh2
Kh7 16. Bf3 Nc4 17. Qc1 Qc8 18. Bxb7 Qxb7 19. Nf3 a5 20. Ne2 axb4 21. axb4 Ra4
22. Nf4 Re8 23. c3 Ra2 24. Rfe1 Ncxe3 25. fxe3 Qe4 26. Qb1 Qxb1 27. Rxb1 e5 28.
e4 Nxd4 29. cxd4 exf4 30. Rbc1 Re7 31. e5 Rb2 32. exd6 Rxe1+ 33. Rxe1 cxd6 34.
Re6 Rxb4 35. Rxd6 Rb1+ 36. Kf2 Rb2+ 37. Kf1 b4 38. Rb6 b3 39. Rb7 Kg8 40. Ne5
Bxe5 41. dxe5 Kf8 42. Rb6 Ke7 43. Rxg6 Rc2 0-1

[Event "Tradewise Gibraltar Masters 14th"]
[Site "Gibraltar"]
[Date "2016.01.27"]
[Round "2.82"]
[White "Pourkashiyan, Atousa"]
[Black "Kandic, Milan"]
[Result "1-0"]
[WhiteElo "2338"]
[BlackElo "2109"]
[PlyCount "63"]
[EventDate "2016.01.26"]
[EventType "swiss"]
[EventRounds "10"]
[EventCountry "GGB"]
[Source "www.saund.co.uk"]
[SourceDate "2005.02.07"]

1. e4 d6 2. d4 Nf6 3. Nc3 e5 4. Nf3 Nbd7 5. Bc4 Be7 6. O-O O-O 7. a4 c6 8. Re1
a5 9. h3 Qc7 10. Be3 exd4 11. Bxd4 Ne5 12. Bf1 Nxf3+ 13. Qxf3 Be6 14. Qg3 Nh5
15. Qh2 Bf6 16. Be3 g6 17. g4 Ng7 18. Qg3 Be5 19. f4 Bxc3 20. bxc3 d5 21. e5 c5
22. Qh4 Rfd8 23. Qf2 Rac8 24. Bd3 b6 25. f5 Bd7 26. Bf4 Qa7 27. e6 Bc6 28. e7
Rd7 29. f6 Ne8 30. g5 d4 31. Qh4 dxc3 32. Qh6 1-0

[Event "Tradewise Gibraltar Masters 14th"]
[Site "Gibraltar"]
[Date "2016.01.27"]
[Round "2.83"]
[White "Pabalan, Rocky"]
[Black "Mihajlov, Sebastian"]
[Result "0-1"]
[WhiteElo "2089"]
[BlackElo "2335"]
[PlyCount "106"]
[EventDate "2016.01.26"]
[EventType "swiss"]
[EventRounds "10"]
[EventCountry "GGB"]
[Source "www.saund.co.uk"]
[SourceDate "2005.02.07"]

1. e4 e6 2. Nf3 d5 3. Nc3 d4 4. Ne2 c5 5. c3 Nf6 6. Ng3 a6 7. e5 Nfd7 8. Qa4
Nc6 9. cxd4 cxd4 10. Nxd4 Ndxe5 11. Nxc6 Nxc6 12. b3 Qg5 13. Qe4 Bc5 14. Bb2
O-O 15. Bd3 f5 16. Qc4 Bxf2+ 17. Ke2 Bd4 18. Bxd4 Qg4+ 19. Kf2 Qf4+ 20. Kg1
Nxd4 21. Nxf5 Rxf5 22. Rf1 b5 23. Rxf4 bxc4 24. Bxf5 Ne2+ 25. Kf2 Nxf4 26. Be4
Ra7 27. bxc4 Bb7 28. Kf3 Nd3 29. Rb1 Ne5+ 30. Kf4 Bxe4 31. Rb8+ Kf7 32. Kxe5
Bxg2 33. Rb6 Rc7 34. d3 Rc5+ 35. Kd6 Rh5 36. Rxa6 Bf1 37. Ra7+ Kf6 38. Re7 Rxh2
39. Rxe6+ Kf7 40. Re3 Rh6+ 41. Kc5 Rh3 42. Re1 Bxd3 43. a4 Rh4 44. Rc1 Ke6 45.
Kb6 Rxc4 46. Ra1 Be4 47. a5 h5 48. a6 h4 49. Re1 Ke5 50. Rg1 h3 51. Rg5+ Kf4
52. Rh5 Rc6+ 53. Kb5 Rh6 0-1

[Event "Tradewise Gibraltar Masters 14th"]
[Site "Gibraltar"]
[Date "2016.01.27"]
[Round "2.84"]
[White "Mannion, Stephen R"]
[Black "Havik, Victor"]
[Result "1-0"]
[WhiteElo "2334"]
[BlackElo "2092"]
[PlyCount "79"]
[EventDate "2016.01.26"]
[EventType "swiss"]
[EventRounds "10"]
[EventCountry "GGB"]
[Source "www.saund.co.uk"]
[SourceDate "2005.02.07"]

1. e4 e5 2. Nf3 Nc6 3. Bb5 a6 4. Ba4 Nf6 5. O-O Be7 6. Re1 b5 7. Bb3 d6 8. c3
O-O 9. d4 Bg4 10. Be3 exd4 11. cxd4 Na5 12. Bc2 c5 13. dxc5 dxc5 14. Nbd2 Nc6
15. Qb1 Qc7 16. a3 Be6 17. Bg5 h6 18. Bh4 Nh5 19. Bxe7 Qxe7 20. e5 Rad8 21. Be4
Nd4 22. Nxd4 Rxd4 23. Nf3 Rd7 24. g3 f5 25. exf6 Nxf6 26. Bg6 Rd6 27. Qc2 Qb7
28. Ne5 Bh3 29. f3 Qb6 30. Re2 c4+ 31. Kh1 Bc8 32. Kg2 Bb7 33. Rf1 Qd8 34. h4
Nd5 35. Rff2 Nf6 36. Kh2 Bd5 37. h5 Nd7 38. Bh7+ Kh8 39. Ng6+ Rxg6 40. Bxg6 1-0

[Event "Tradewise Gibraltar Masters 14th"]
[Site "Gibraltar"]
[Date "2016.01.27"]
[Round "2.85"]
[White "Carlsten, Peter"]
[Black "Zwahr, Paul"]
[Result "1/2-1/2"]
[WhiteElo "2074"]
[BlackElo "2333"]
[PlyCount "92"]
[EventDate "2016.01.26"]
[EventType "swiss"]
[EventRounds "10"]
[EventCountry "GGB"]
[Source "www.saund.co.uk"]
[SourceDate "2005.02.07"]

1. e4 c5 2. Nf3 e6 3. d4 cxd4 4. Nxd4 Nc6 5. Nc3 Qc7 6. Be2 a6 7. O-O Nf6 8.
Be3 Bb4 9. Na4 Be7 10. Nxc6 bxc6 11. Nb6 Rb8 12. Nxc8 Qxc8 13. e5 Nd5 14. Bc1
Bc5 15. c4 Ne7 16. b3 Qc7 17. Bb2 Ng6 18. Kh1 d6 19. exd6 Bxd6 20. g3 Be5 21.
Bxe5 Nxe5 22. f4 Ng6 23. Bf3 c5 24. Qe2 O-O 25. Rad1 Ne7 26. Be4 a5 27. Rd3 a4
28. Rfd1 Rfe8 29. Qc2 axb3 30. Rxb3 g6 31. Rdb1 Rbd8 32. Rb7 Qd6 33. a4 e5 34.
fxe5 Qxe5 35. a5 Rd4 36. Bg2 Nf5 37. Qf2 Red8 38. Bd5 R8xd5 39. cxd5 Qxd5+ 40.
Qg2 Qd6 41. R7b6 Qd7 42. a6 Rd2 43. a7 Rd1+ 44. Rxd1 Qxd1+ 45. Qg1 Qd5+ 46. Qg2
Qd1+ 1/2-1/2

[Event "Tradewise Gibraltar Masters 14th"]
[Site "Gibraltar"]
[Date "2016.01.27"]
[Round "2.86"]
[White "Perez Garcia, Rodney Oscar"]
[Black "De Rosa, Mariagrazia"]
[Result "1-0"]
[WhiteElo "2332"]
[BlackElo "2088"]
[PlyCount "99"]
[EventDate "2016.01.26"]
[EventType "swiss"]
[EventRounds "10"]
[EventCountry "GGB"]
[Source "www.saund.co.uk"]
[SourceDate "2005.02.07"]

1. c4 Nf6 2. Nc3 g6 3. g3 Bg7 4. Bg2 c6 5. e4 d6 6. Nge2 e5 7. O-O Be6 8. b3 d5
9. exd5 cxd5 10. d4 e4 11. cxd5 Nxd5 12. Nxe4 O-O 13. Ba3 Re8 14. Nd6 Re7 15.
Rc1 Na6 16. Qd2 Rd7 17. Ne4 h6 18. h3 Ne7 19. Rfd1 Nf5 20. Nf4 Nxd4 21. Nxe6
fxe6 22. Qe1 Rc8 23. Rxc8 Qxc8 24. Nd6 Qd8 25. Rxd4 Bxd4 26. Qxe6+ Kg7 27. Be4
Rxd6 28. Bxd6 Qf6 29. Qd7+ Qf7 30. Qxf7+ Kxf7 31. Bxb7 Ke6 32. Bf8 Nc5 33. Bc8+
Kf6 34. Bxh6 g5 35. h4 gxh4 36. gxh4 Nd3 37. Be3 Bxe3 38. fxe3 Nc1 39. a3 Nxb3
40. Kg2 Nd2 41. Ba6 Ne4 42. Kf3 Nc5 43. Bb5 a5 44. Kf4 Nb7 45. e4 Nd8 46. e5+
Kg6 47. Be8+ Kg7 48. Kf5 Nb7 49. Bc6 Nc5 50. e6 1-0

[Event "Tradewise Gibraltar Masters 14th"]
[Site "Gibraltar"]
[Date "2016.01.27"]
[Round "2.87"]
[White "Dasaolu, Rotimi"]
[Black "Lombaers, Peter"]
[Result "1/2-1/2"]
[WhiteElo "2060"]
[BlackElo "2328"]
[PlyCount "34"]
[EventDate "2016.01.26"]
[EventType "swiss"]
[EventRounds "10"]
[EventCountry "GGB"]
[Source "www.saund.co.uk"]
[SourceDate "2005.02.07"]

1. Nf3 f5 2. b3 Nf6 3. Bb2 e6 4. c4 Be7 5. g3 O-O 6. Bg2 d6 7. d4 Qe8 8. Nbd2
Nc6 9. Qc2 Bd8 10. e4 e5 11. O-O fxe4 12. Nxe4 Nxe4 13. Qxe4 Bf5 14. Qd5+ Be6
15. Qe4 Bf5 16. Qd5+ Be6 17. Qe4 Bf5 1/2-1/2

[Event "Tradewise Gibraltar Masters 14th"]
[Site "Gibraltar"]
[Date "2016.01.27"]
[Round "2.88"]
[White "Kharous, Ernest"]
[Black "Hagesaether, Arne"]
[Result "1-0"]
[WhiteElo "2314"]
[BlackElo "2086"]
[PlyCount "77"]
[EventDate "2016.01.26"]
[EventType "swiss"]
[EventRounds "10"]
[EventCountry "GGB"]
[Source "www.saund.co.uk"]
[SourceDate "2005.02.07"]

1. e4 c6 2. d4 d5 3. e5 c5 4. dxc5 e6 5. Nf3 Nd7 6. Bb5 Bxc5 7. O-O Ne7 8. a3
a6 9. Bd3 Nc6 10. b4 Be7 11. Bb2 Qc7 12. Qe2 b5 13. Nbd2 Nb6 14. Nb3 Bd7 15.
Nbd4 Nc4 16. Nxc6 Bxc6 17. Bd4 Bd7 18. Nd2 O-O 19. Nb3 Rfc8 20. f4 g6 21. g4 a5
22. c3 axb4 23. axb4 Qd8 24. f5 Rxa1 25. Rxa1 Ra8 26. Rf1 Bf8 27. Qf3 Be8 28.
fxe6 Qe7 29. exf7+ Bxf7 30. Qf6 Ra2 31. e6 Qxf6 32. Rxf6 Be8 33. Nc5 Bd6 34. h4
Nd2 35. Nd7 Be7 36. Rf8+ Bxf8 37. Nf6+ Kg7 38. Nxe8+ Kh6 39. Be3+ 1-0

[Event "Tradewise Gibraltar Masters 14th"]
[Site "Gibraltar"]
[Date "2016.01.27"]
[Round "2.89"]
[White "Myall, Ivan J"]
[Black "De Haan, Eric"]
[Result "1/2-1/2"]
[WhiteElo "2049"]
[BlackElo "2313"]
[PlyCount "63"]
[EventDate "2016.01.26"]
[EventType "swiss"]
[EventRounds "10"]
[EventCountry "GGB"]
[Source "www.saund.co.uk"]
[SourceDate "2005.02.07"]

1. e4 c5 2. Nf3 e6 3. c3 Nf6 4. e5 Nd5 5. d4 cxd4 6. cxd4 d6 7. a3 Bd7 8. Bd3
Bc6 9. O-O Nd7 10. Bd2 dxe5 11. dxe5 Be7 12. Nc3 Nxc3 13. Bxc3 Nc5 14. Bc2 O-O
15. Nd4 Be4 16. Re1 Bxc2 17. Qxc2 Rc8 18. Rad1 Qb6 19. Re3 Rfd8 20. b4 Nd7 21.
Qe4 Nxe5 22. Rde1 Bf6 23. Nxe6 Rc4 24. Nxd8 Rxe4 25. Rxe4 h6 26. Bxe5 Bxd8 27.
Bd4 Qd6 28. Bc5 Qd2 29. R1e2 Qd3 30. R4e3 Qd1+ 31. Re1 Qd2 32. R1e2 1/2-1/2

[Event "Tradewise Gibraltar Masters 14th"]
[Site "Gibraltar"]
[Date "2016.01.27"]
[Round "2.90"]
[White "Ripari, Marcelo"]
[Black "Biegel, Thomas"]
[Result "1-0"]
[WhiteElo "2310"]
[BlackElo "2069"]
[PlyCount "103"]
[EventDate "2016.01.26"]
[EventType "swiss"]
[EventRounds "10"]
[EventCountry "GGB"]
[Source "www.saund.co.uk"]
[SourceDate "2005.02.07"]

1. e4 c6 2. d4 d5 3. Nc3 dxe4 4. Nxe4 Bf5 5. Ng3 Bg6 6. h4 h6 7. h5 Bh7 8. Nf3
Nd7 9. Bd3 Bxd3 10. Qxd3 e6 11. Bd2 Ngf6 12. O-O-O Be7 13. Ne4 Nxe4 14. Qxe4
Nf6 15. Qd3 Ng4 16. Qe2 Qd5 17. Kb1 Rd8 18. Bc1 Nf6 19. Ne5 Qe4 20. Qxe4 Nxe4
21. Be3 Bd6 22. g4 Nf6 23. f3 Nd5 24. Bf2 Ne7 25. Rhe1 Bb8 26. Nd3 Nd5 27. c4
Nb6 28. b3 Kd7 29. Bh4 Rde8 30. Ne5+ Bxe5 31. dxe5+ Kc7 32. Rd6 Nd7 33. f4 f6
34. Red1 Re7 35. Kc2 Rhe8 36. b4 Rf7 37. c5 b6 38. cxb6+ axb6 39. a4 Nb8 40. b5
cxb5 41. axb5 Rd7 42. Bf2 Rxd6 43. exd6+ Kb7 44. d7 Rd8 45. Rd6 Nxd7 46. Rxe6
Kc7 47. Kb3 Rc8 48. Bd4 Rb8 49. Kc4 Rd8 50. Re7 Rg8 51. Kd5 g6 52. Ke6 1-0

[Event "Tradewise Gibraltar Masters 14th"]
[Site "Gibraltar"]
[Date "2016.01.27"]
[Round "2.91"]
[White "Berrocal Ruiz, Valentin"]
[Black "Papp, Petra"]
[Result "1/2-1/2"]
[WhiteElo "2040"]
[BlackElo "2308"]
[PlyCount "128"]
[EventDate "2016.01.26"]
[EventType "swiss"]
[EventRounds "10"]
[EventCountry "GGB"]
[Source "www.saund.co.uk"]
[SourceDate "2005.02.07"]

1. c4 g6 2. Nc3 c5 3. g3 Bg7 4. Bg2 Nc6 5. a3 e6 6. Rb1 Nge7 7. Nf3 O-O 8. O-O
d6 9. b4 b6 10. Qc2 Bb7 11. d3 Qd7 12. e3 Rac8 13. b5 Ne5 14. Nxe5 dxe5 15. e4
Rcd8 16. Rd1 h6 17. Be3 f5 18. f3 g5 19. a4 Ng6 20. a5 f4 21. Bf2 h5 22. axb6
axb6 23. Ra1 Rf7 24. Ra7 g4 25. fxg4 hxg4 26. Bf1 Bh6 27. Be2 fxg3 28. hxg3
Rdf8 29. Rf1 Rg7 30. Nd1 Nf4 31. Be3 Nh3+ 32. Kh2 Rh7 33. Rxf8+ Bxf8 34. Kg2
Bxe4+ 35. dxe4 Qxa7 36. Bxg4 Nf4+ 37. gxf4 Rg7 38. Nf2 exf4 39. Bxf4 Qf7 40.
Qd2 Be7 41. Be5 Rg5 42. Qf4 Qxf4 43. Bxf4 Rg6 44. Bc7 Bh4 45. Bg3 Bxg3 46. Kxg3
Kf8 47. Nd3 Rh6 48. Kf4 Ke7 49. Ke5 Rg6 50. Kf4 Rh6 51. Kg5 Rh1 52. Nf4 Re1 53.
Ng6+ Kf7 54. Ne5+ Ke7 55. Nc6+ Kd6 56. Kf4 Rf1+ 57. Bf3 Rc1 58. Ne5 Rc3 59. Bh5
Rc1 60. Be8 Rf1+ 61. Nf3 Rc1 62. Nd2 Rc2 63. Ke3 Rc3+ 64. Ke2 Ke7 1/2-1/2

[Event "Tradewise Gibraltar Masters 14th"]
[Site "Gibraltar"]
[Date "2016.01.27"]
[Round "2.92"]
[White "Bergstrom, Rolf"]
[Black "Hamer, Martyn"]
[Result "1-0"]
[WhiteElo "2297"]
[BlackElo "2058"]
[PlyCount "43"]
[EventDate "2016.01.26"]
[EventType "swiss"]
[EventRounds "10"]
[EventCountry "GGB"]
[Source "www.saund.co.uk"]
[SourceDate "2005.02.07"]

1. e4 e5 2. Nf3 Nc6 3. Nc3 Nf6 4. a3 g6 5. Bc4 Bg7 6. d3 h6 7. O-O d6 8. Be3
O-O 9. h3 Qe7 10. Re1 Be6 11. Bxe6 Qxe6 12. d4 exd4 13. Nxd4 Nxd4 14. Bxd4 Rfe8
15. Qd2 Qc4 16. Rad1 Re7 17. Bxf6 Bxf6 18. Nd5 Re6 19. Qxh6 Bxb2 20. c3 Bxa3
21. Rd4 Qc6 22. e5 1-0